Anquilostomiasis /

Guardado en:
Autor Corporativo: Videoteca CEA.
Formato: Deslizar
Series:Consejos para su salud
Materias:
Etiquetas: Agregar Etiqueta
Sin Etiquetas, Sea el primero en etiquetar este registro!
LEADER 00876ngm a22002415g 4500
001 CEM.cems021879
008 130507b1993##################0###0#####d
005 20240918170241.0
245 1 0 |a Anquilostomiasis /  |c Videoteca CEA. 
300 |a 05 
490 0 |a Consejos para su salud 
500 |a En soporte VHS, consultar en ventanilla. 
505 0 |a Cómo se propaga la enfermedad. Zonas de infestación. Síntomas y manifestaciones. Anquilostomas. Forma de tratamiento. Prevención. 
538 |a Soporte: VHS - Norma: Pal N - Color - Grabación DRD 1993 - Hitachi=2401 
110 2 |a Videoteca CEA. 
082 6 1 |. 9/ENF 
653 |a MEDICINA 
653 |a EDUCACION PARA LA SALUD 
653 |a ENFERMEDADES 
653 |a ANQUILOSTOMIASIS 
653 |a NIVEL PRIMARIO 
653 |a NIVEL SECUNDARIO 
859 |a CEMS  |b BIB. CEMS - Depto. Recursos Didacticos  |h 616.9  |i ENF  |k DRD  |p 522.12  |t Ej.1